LEADER 00836nam0-22003131i-450- 001 990002002100403321 005 20040429142517.0 035 $a000200210 035 $aFED01000200210 035 $a(Aleph)000200210FED01 035 $a000200210 100 $a20030910d1966----km-y0itay50------ba 101 0 $aeng 102 $aUS 105 $ay---a---001yy 200 1 $aPhilogenetic systematics$fWilli Hennig 210 $aUrbana ; Chicago ; London$cUniversity of Illinois Press$d1966 215 $a263 p.$d26 cm 610 0 $aZoologia 610 0 $aSistematica 676 $a591.01 700 1$aHennig,$bWilli$084550 801 0$aIT$bUNINA$gRICA$2UNIMARC 901 $aBK 912 $a990002002100403321 952 $a61 II B.8/07$b2718$fDAGEN 959 $aDAGEN 996 $aPhilogenetic systematics$9403155 997 $aUNINA LEADER 01149nam0 22003373i 450 001 UBO1768377 005 20231121125857.0 010 $a2070367819 010 $a9782070367818 100 $a20200115d1956 ||||0itac50 ba 101 | $afre 102 $afr 181 1$6z01$ai $bxxxe 182 1$6z01$an 200 1 $a˜Le œmauvais oeil$asuivi de au bois dormant$fBoileau$gNarcejac 210 $aParis$cDenoel$d1956 215 $a221 p.$d18 cm. 225 | $aFolio$v781 410 0$1001RAV0110397$12001 $aFolio$v781 700 1$aBoileau$b, Pierre$3CFIV098908$4070$0490324 701 1$aNarcejac$b, Thomas$3CFIV098909$4070$0244185 790 1$aAyraud$b, Pierre Robert$3UBOV454549$zNarcejac, Thomas 801 3$aIT$bIT-01$c20200115 850 $aIT-FR0017 899 $aBiblioteca umanistica Giorgio Aprea$bFR0017 $eN 912 $aUBO1768377 950 0$aBiblioteca umanistica Giorgio Aprea$d 52FOLIO 781$e 52FLS0000062655 VMB RS stampa 1972$fA $h20200115$i20200115 977 $a 52 996 $aSuivi de au bois dormant$93640322 996 $aMauvais oeil$93640321 997 $aUNICAS